[Event "OP-2022-0-05337"]
[Site "LSS email"]
[Date "2022.10.02"]
[Round "?"]
[White "Nouveau, Laurent"]
[Black "Maly, Marian"]
[Result "0-1"]
[WhiteElo "1604"]
[BlackElo "732"]
[PlyCount "21"]
[EventDate "2022.10.02"]
[EventType "tourn (corr)"]
[EventRounds "4"]
[EventCountry "GER"]
[SourceTitle "Corr 2024"]
[Source "ChessBase"]
[SourceDate "2023.10.19"]
[SourceVersion "1"]
[SourceVersionDate "2023.10.19"]
[SourceQuality "1"]

1. e4 c5 2. Nf3 Nc6 3. Bb5 Nd4 4. Nxd4 cxd4 5. 0-0 a6 6. Bc4 e6 7. d3 b5 8. Bb3 Bb7 9. a4 b4 10. Nd2 Nf6 11. a5 0-1

[Event "OP-2022-0-05336"]
[Site "LSS email"]
[Date "2022.10.01"]
[Round "?"]
[White "Nouveau, Laurent"]
[Black "Reel, Silas"]
[Result "0-1"]
[WhiteElo "1604"]
[BlackElo "800"]
[PlyCount "35"]
[EventDate "2022.09.30"]
[EventType "tourn (corr)"]
[EventRounds "4"]
[EventCountry "GER"]
[SourceTitle "Corr 2024"]
[Source "ChessBase"]
[SourceDate "2023.10.19"]
[SourceVersion "1"]
[SourceVersionDate "2023.10.19"]
[SourceQuality "1"]

1. d4 d5 2. c4 e6 3. Nf3 Nf6 4. g3 Bb4+ 5. Bd2 Be7 6. Bg2 c6 7. 0-0 0-0 8. Qc2 b6 9. Rd1 Nbd7 10. b3 h6 11. Bc1 Bb7 12. Nc3 Ba6 13. Bb2 dxc4 14. bxc4 Bxc4 15. Ne5 Nxe5 16. dxe5 Nd5 17. Ne4 b5 18. Nd6 0-1

[Event "OP-2022-0-05336"]
[Site "LSS email"]
[Date "2022.09.30"]
[Round "?"]
[White "Nouveau, Laurent"]
[Black "Sury, Radim"]
[Result "1/2-1/2"]
[WhiteElo "1604"]
[BlackElo "800"]
[PlyCount "57"]
[EventDate "2022.09.30"]
[EventType "tourn (corr)"]
[EventRounds "4"]
[EventCountry "GER"]
[SourceTitle "Corr 2024"]
[Source "ChessBase"]
[SourceDate "2023.10.19"]
[SourceVersion "1"]
[SourceVersionDate "2023.10.19"]
[SourceQuality "1"]

1. c4 e5 2. g3 Nf6 3. Bg2 d5 4. cxd5 Nxd5 5. Nf3 Nc6 6. 0-0 Nb6 7. Nc3 Be7 8. a3 0-0 9. b4 Be6 10. d3 a5 11. b5 Nd4 12. Bb2 Nb3 13. Rb1 f6 14. Nd2 Nxd2 15. Qxd2 Rb8 16. Qc2 Qd7 17. Bc1 f5 18. Na4 Nxa4 19. Qxa4 b6 20. Bc6 Qd8 21. Bb2 Bd6 22. Kh1 Qe7 23. f4 exf4 24. gxf4 Bc5 25. d4 Bd6 26. Rg1 Bf7 27. d5 Bg6 28. Qc4 Rf7 29. Rg3 1/2-1/2

[Event "OP-2022-0-05335"]
[Site "LSS email"]
[Date "2022.09.29"]
[Round "?"]
[White "Ventura, Bob"]
[Black "Nouveau, Laurent"]
[Result "0-1"]
[WhiteElo "756"]
[BlackElo "1604"]
[PlyCount "56"]
[EventDate "2022.09.24"]
[EventType "tourn (corr)"]
[EventRounds "4"]
[EventCountry "GER"]
[SourceTitle "Corr 2024"]
[Source "ChessBase"]
[SourceDate "2023.10.19"]
[SourceVersion "1"]
[SourceVersionDate "2023.10.19"]
[SourceQuality "1"]

1. e4 e5 2. Nf3 Nc6 3. a3 Nf6 4. Nc3 d5 5. d4 exd4 6. Nxd4 Nxe4 7. Nxc6 Nxc3 8. bxc3 bxc6 9. h3 Bd6 10. Bd3 Qe7+ 11. Be3 0-0 12. 0-0 Qe5 13. f4 Qxe3+ 14. Kh1 Bxf4 15. Qh5 g6 16. Qf3 Qxf3 17. Rxf3 Bd6 18. Rf6 Kg7 19. Raf1 Be6 20. R6f2 Rab8 21. a4 c5 22. Bb5 c4 23. Rd2 Rb6 24. Rb1 a6 25. a5 Rxb5 26. Rxb5 axb5 27. Rd1 Ra8 28. Ra1 Bf5 0-1

[Event "OP-2022-0-05335"]
[Site "LSS email"]
[Date "2022.09.28"]
[Round "?"]
[White "Molina, Vicente Andres"]
[Black "Nouveau, Laurent"]
[Result "0-1"]
[WhiteElo "836"]
[BlackElo "1604"]
[PlyCount "28"]
[EventDate "2022.09.24"]
[EventType "tourn (corr)"]
[EventRounds "4"]
[EventCountry "GER"]
[SourceTitle "Corr 2024"]
[Source "ChessBase"]
[SourceDate "2023.10.19"]
[SourceVersion "1"]
[SourceVersionDate "2023.10.19"]
[SourceQuality "1"]

1. d4 Nf6 2. c4 e6 3. Nc3 Bb4 4. f3 c5 5. Bg5 h6 6. Bh4 cxd4 7. Qxd4 Nc6 8. Qe3 Ng4 9. Bxd8 Nxe3 10. Kd2 Nxc4+ 11. Kc2 Kxd8 12. e4 Ne3+ 13. Kb3 Nd4+ 14. Kxb4 Ndc2+ 0-1